000 00418nam a2200157Ia 4500
008 220216s9999 xx 000 0 und d
100 _aJollands P
245 0 _aUse of the controlled droplet application(c.d.a) technique for herbicide application
260 _bPlanter
_c1983
300 _a388-407
650 _aHerbicide
700 _aKarthika D
700 _aSoebagyo F X
700 _aTurner P D
942 _cJS
999 _c71973
_d71973